01225 a2200205 4500003000500000005001700005040000900022082001200031100002000043245006500063260003100128300001300159505051300172600002200685650003000707942002100737999001900758952012100777952012100898NUST20221205140016.0 cNust a070,SHA aShahid S.M9257 aMass Communication :bAn introduction For Exam /cS.M.Shahid aLahorebEmporium pubc2006 a414, p.: aCommunication (Page-2), The Communication Explosion(Page-27), Mass Communication Theories (Page-45), Types Of Mass Media (Page-84), Introduction To News Writing (Page-121), Handout (Page-150), Opinion Writing (Page-152), The Feature Story (Page-162), Columns And Commentary (Page-172), Muslim Press In Sub Continent (Page-179), National Press (Page-205), Public Relations (Page-223), Public Opinion (Page-241), Propaganda (Page-252), Publicity (Page-268), Advertising (Page-278), Ethics And Libel (Page-322). aS.M.Shahid925799 aMass Communication963753 2ddccBKk070,SHA c178948d178948 00102ddc4070aMCSbMCScGENd2016-12-12o070,SHApMCS34417r2016-12-08w2016-12-12yBKzAlmirah No.73, Shelf No.1 00102ddc4070aMCSbMCScGENd2016-12-12o070,SHApMCS34418r2016-12-08w2016-12-12yBKzAlmirah No.46, Shelf No.1